[Event "VII Famalicao Open 2019"]
[Site "Famalicao"]
[Date "2019.07.31"]
[Round "6.13"]
[White "Rego, Pedro Filipe"]
[Black "Da Silva, Tiago Henrique Amaro"]
[Result "1-0"]
[WhiteElo "2249"]
[BlackElo "2080"]
[Annotator "TA"]
[PlyCount "91"]
[EventDate "2019.07.28"]
[EventType "swiss"]
[EventCountry "POR"]
[SourceTitle "playchess.com"]
[Source "ChessBase"]
[SourceQuality "1"]

{[%evp 16,91,20,10,35,10,6,11,14,17,21,-28,43,20,25,46,34,-8,0,-5,42,17,31,47,45,0,0,-16,0,-11,0,0,0,-20,104,101,99,102,105,109,116,116,118,91,91,91,92,92,92,92,113,108,131,129,129,122,131,131,131,131,131,131,5222,4132,29966,29963,29980,29981,29983,29984,29987,29988,29988,29988,29988,29983,29989,29972]} 1. Nf3 Nf6 2. b3 g6 3. Bb2 Bg7 4. c4 c5 5. e3 d6 6. Be2 O-O 7. O-O Nc6 8. d4 cxd4 9. Nxd4 Bd7 {E60: King's Indian: Unusual lines and Fianchetto Variation without Nc3} 10. Bf3 (10. Nc3 Qa5 11. Rc1 Rfc8 12. Qd2 a6 13. Rfd1 Rab8 14. a3 Nxd4 15. exd4 Qd8 16. b4 Qf8 17. Qe1 Bh6 18. Ra1 Bf5 {½-½ (67) Riazantsev,A (2649)-Sivuk,V (2545) Cheliabinsk 2018}) 10... Rc8 11. Nc3 a6 {The position is equal.} 12. Rc1 Nxd4 13. exd4 (13. Qxd4 {keeps more tension.} Bc6 14. Bxc6 Nd7 15. Qd2 bxc6 16. Rfd1) 13... Bc6 $146 ({Black should try} 13... b5 $1 $11) ({Predecessor:} 13... b5 14. cxb5 axb5 15. a3 Qb6 16. b4 Rc4 17. Ne2 Rfc8 18. d5 {0-1 (57) Schwarzmann,T (1998)-Hofmann,M (1843) Schney 2018}) 14. Re1 Re8 15. d5 Bd7 16. Ne4 Nxe4 17. Bxg7 {[#] aiming for Bh6.} Kxg7 (17... Nxf2 $5 18. Qd4 Nd3 $11) 18. Bxe4 Qa5 19. Qd4+ Kg8 20. Re3 b5 21. Bd3 Qd2 22. Qa1 bxc4 23. bxc4 Rb8 24. Rce1 Qb2 (24... e6 $11 {keeps the balance.}) 25. Qxb2 $16 Rxb2 26. Rxe7 Rxe7 27. Rxe7 Bf5 28. Bxf5 gxf5 {[%mdl 4096] Endgame KR-KR} 29. g3 (29. Kf1 {looks sharper.} Rb4 30. Rc7 Kf8 31. c5 dxc5 32. d6) 29... Rxa2 30. Rd7 Rc2 31. Rxd6 Rxc4 32. Rxa6 Kg7 33. Kg2 Rc3 34. h4 Rd3 35. d6 h5 36. Kf1 f4 37. gxf4 Rd4 {[#]} 38. Ke2 $1 Rxf4 $2 {[%mdl 8192]} (38... Rd5 $16 39. Ke3 f5 40. Ra7+ Kg6) 39. Ke3 $18 {Intending d7 and mate.} Rf5 40. Ra4 {White mates.} Re5+ 41. Re4 Rd5 42. Rd4 Re5+ 43. Kf4 Re8 44. d7 Rd8 45. Ke5 f6+ 46. Ke4 {Accuracy: White = 53%, Black = 35%.} 1-0

[Event "VII Famalicao Open 2019"]
[Site "Famalicao"]
[Date "2019.07.31"]
[Round "6.14"]
[White "Ribeiro, Orlando"]
[Black "Leonardo, Joao"]
[Result "1-0"]
[WhiteElo "1603"]
[BlackElo "2227"]
[Annotator "TA"]
[PlyCount "179"]
[EventDate "2019.07.28"]
[EventType "swiss"]
[EventCountry "POR"]
[SourceTitle "playchess.com"]
[Source "ChessBase"]
[SourceQuality "1"]

{[%evp 9,179,-14,30,26,29,0,4,0,0,0,0,-29,-15,-15,21,7,17,13,14,-7,-4,-33,-27,-33,-31,-49,26,22,48,0,0,-21,-19,-95,-110,-111,25,29,29,0,0,0,9,0,0,0,100,68,58,90,111,6,0,2,64,0,0,0,0,0,0,0,0,0,0,0,2,3,4,8,12,0,8,0,0,-12,-20,-30,18,36,27,8,8,13,81,51,81,51,88,88,81,61,52,52,54,0,88,68,81,81,81,0,0,0,56,0,51,9,51,0,135,39,55,0,0,0,60,51,51,0,8,9,137,0,88,0,135,51,181,0,51,0,119,0,140,9,181,8,8,0,242,181,264,0,0,0,81,0,127,0,57,0,133,0,155,139,109,109,255,109,132,0,125,0,29970,29971,29971,29970,29966,29965,6111,5301]} 1. e4 d6 2. d4 Nf6 3. Nc3 Nc6 4. Bf4 (4. Nf3 g6 5. Bg5 Bg7 6. Qd2 h6 7. Bf4 a6 8. h3 b5 9. Bd3 Nh5 10. Be3 e5 11. dxe5 dxe5 12. a4 b4 13. Nd5 Rb8 14. Qe2 Qd6 15. Bxa6 {½-½ (32) Beerdsen,T (2474)-Rapport,R (2726) Germany 2018}) 4... a6 5. a4 $146 ({Predecessor:} 5. e5 Ng4 6. e6 fxe6 7. Qxg4 e5 8. Qh4 exf4 9. Bd3 e6 10. Qh5+ Kd7 11. d5 Nb4 12. dxe6+ {1-0 (50) De Groen,M-Gustafsson,B (2125) Sydney 1996}) 5... e6 6. Nf3 {B00: Queen's Fianchetto Defence, Nimzowitsch Defence} Be7 7. Bc4 O-O 8. O-O {The position is equal.} d5 9. exd5 exd5 10. Be2 Bf5 11. Ne5 Nb8 12. Bf3 c6 13. Re1 a5 14. Re3 Nbd7 15. Nd3 Re8 16. g4 Bxd3 $1 17. Qxd3 Bb4 (17... h6 $1 $15) 18. g5 $36 {[%mdl 2048] White has the initiative.} Bxc3 19. Qxc3 (19. bxc3 $5 {[%cal Rg5f6]} Ne4 20. c4 $14 (20. Bxe4 dxe4 21. Rxe4 Rxe4 $14)) 19... Ne4 {[%mdl 64] Double Attack} 20. Qe1 {[%cal Rf3e4]} f5 21. Bg2 (21. gxf6 $11 Qxf6 22. Bg3) 21... Nf8 $1 $17 22. f3 Nd6 (22... Ng6 $17 23. Bg3 Nxg5) 23. Rxe8 $11 Nxe8 24. Qe3 Nd6 25. b3 Nf7 26. h4 Ng6 27. Bg3 Qd7 (27... f4 $11 28. Bxf4 Nxh4) 28. Re1 f4 29. Bxf4 Nxh4 30. Qe6 (30. Bh3 $1 $16 {[%cal Rh3d7]} Qd8 31. Bg3) 30... Qxe6 31. Rxe6 Kf8 (31... Rf8 $11) 32. Kf2 (32. Bc1 $1 $14) 32... Nxg2 33. Kxg2 Re8 34. Rxe8+ Kxe8 {[%mdl 4096] Endgame KB-KN} 35. g6 hxg6 36. Bc7 Kd7 37. Bxa5 Nd6 38. Bd2 Nf5 39. c3 Ke6 40. Bg5 Nd6 41. Bf4 {aiming for Bxd6.} Nf7 42. b4 g5 43. Bc7 g4 44. fxg4 Ng5 $1 45. Bg3 Ne4 46. Be1 Nd6 (46... Nf6 $11) 47. Kf3 $16 Kf6 48. Kf4 Nc4 49. a5 Nd6 50. Bh4+ Ke6 51. Kg5 Kf7 $1 52. Kf4 (52. Be1 $1 $14) 52... Nc4 (52... Ke6 $11) 53. Be1 Ke6 54. Kf3 Nd6 55. Bh4 (55. Ke3 $16) 55... Ne4 $11 56. Be1 g5 (56... Nd6 $1 $11) 57. Ke3 (57. c4 $14) 57... Kd7 (57... Nf6 $11) 58. Bd2 Ke6 59. Be1 (59. Kd3 $14) 59... Nd6 (59... Kd7 $11) 60. Ke2 (60. Kd3 $16) 60... Ne4 61. Ke3 Nf6 62. Kf3 Ne4 63. Ke2 Kd6 64. Ke3 (64. Kd3 $14) 64... Kc7 65. Bd2 Kd7 (65... b6 $1 $11) 66. Be1 ({Only move:} 66. c4 $1 $16) 66... Ke6 (66... Kc7 $1 $11) 67. Ke2 (67. c4 $16) 67... Nd6 (67... Kd6 $11 {keeps the balance.}) 68. Bd2 (68. Kd3 $16) 68... Kf6 (68... Ne4 $14) 69. Be1 $2 (69. Kd3 $18) 69... Ne4 ({Black should play} 69... Ke6 $1 $11) 70. Ke3 (70. Kd1 $14) 70... Ke7 (70... Ke6 $11) 71. Bd2 ({White should try} 71. c4 $1 $16) 71... Kd7 (71... Ke6 $11) 72. Kd3 (72. c4 $1 $16) 72... Ke6 $2 (72... Kc7 $11 {and Black has nothing to worry.}) 73. Ke2 $2 (73. Be3 $18) 73... Kf6 74. Be1 Kg6 $2 (74... Ke6 $11) 75. Ke3 Nf6 (75... Nd6 $142 76. Kd3 Nc4) 76. Kf3 $2 (76. c4 $18) 76... Kf7 $1 77. Bd2 Ne4 (77... Kg6 $1 $11) 78. Be1 (78. Bc1 $16) 78... Kf6 (78... Ke6 $11) 79. Ke2 (79. c4 $1 $16 Nd6 80. cxd5 cxd5 81. Bd2) 79... Ke6 $14 80. Ke3 (80. Kd1 $14) 80... Nd6 (80... Nf6 $11) 81. Ke2 (81. Kd3 $16) 81... Kf6 $2 ({Better is} 81... Ne4 $11) 82. Kd3 $16 Kg6 83. Ke3 Ne8 (83... Kf6 $16) 84. Ke2 (84. c4 $18 {has better winning chances.}) 84... Nf6 {[#]} 85. Kf3 (85. Kd3 $1 $16) 85... Ne8 {[#]} (85... Kf7 $11 {remains equal.}) 86. Bg3 (86. c4 $1 $16 {[%cal Rc4d5] cxd5 is the strong threat.} dxc4 87. Ke4) 86... Kf6 $2 {[%mdl 8192]} (86... Nf6 $11) 87. Be5+ Ke6 88. Ke3 Kf7 89. Kd3 Ke6 90. c4 {Accuracy: White = 25%, Black = 31%.} 1-0

[Event "VII Famalicao Open 2019"]
[Site "Famalicao"]
[Date "2019.08.01"]
[Round "7.1"]
[White "Petkov, Vladimir"]
[Black "Grigoryan, Karen H."]
[Result "0-1"]
[WhiteElo "2497"]
[BlackElo "2549"]
[Annotator "TA"]
[PlyCount "88"]
[EventDate "2019.07.28"]
[EventType "swiss"]
[EventCountry "POR"]
[SourceTitle "playchess.com"]
[Source "ChessBase"]
[SourceQuality "1"]

{[%evp 11,88,47,54,10,0,-17,-10,-33,-24,-48,-62,-73,-73,-70,-76,-93,-32,-39,-58,-66,-66,-82,-79,-80,-78,-77,-81,-81,-52,-53,-56,-66,-32,-41,-38,-43,-27,-62,-62,-75,-75,-75,-75,-82,-75,-75,-75,-75,-82,-180,-181,-177,-185,-181,-177,-180,-120,-201,-154,-173,-175,-172,-148,-250,-250,-250,-250,-446,-424,-545,-569,-545,-464,-857,-734,-995,-920,-852,-801]} 1. d4 Nf6 2. c4 g6 3. Nc3 Bg7 4. e4 d6 5. Be2 O-O 6. Be3 c5 7. e5 {E73: King's Indian: Averbakh Variation without 6...c5} (7. dxc5 Qa5 8. Bd2 Qxc5 9. Nf3 Bg4 10. Be3 Qc7 11. Rc1 Nc6 12. O-O Rfc8 13. b3 Qa5 14. Bd2 Qd8 15. Re1 a6 16. h3 Bxf3 17. Bxf3 Rab8 {½-½ (94) Yilmaz,M (2631)-Oleksienko,M (2598) Qinhuangdao 2019}) 7... Ne8 8. exd6 Nxd6 9. dxc5 {The position is equal.} Nf5 10. Qxd8 Rxd8 11. Bd2 Na6 {[%cal Bb8a6,Ba6c5,Bc5d3][%mdl 32]} 12. Nf3 Nxc5 13. O-O e5 $146 (13... b6 $17 14. Rad1 Bb7) ({Predecessor:} 13... b6 14. Rad1 Bb7 {0-1 (43) Melaugh,S (2169)-O'Gorman,T (2153) Dublin 2019}) 14. Rfd1 e4 15. Ne1 Be6 16. Nc2 Nd3 17. Bg5 Rdc8 ({And not} 17... Bxc4 18. Bxd8 Bxc3 19. bxc3 $16) 18. Bxd3 exd3 19. Rxd3 Bxc4 20. Rd2 h6 21. Bf4 g5 22. Ne3 Nxe3 23. Bxe3 b5 {[%cal Bb7b5,Bb5b4][%mdl 32]} 24. h4 gxh4 25. Bd4 Rd8 $36 {[%mdl 2048] Keeping White busy.} 26. Rad1 b4 27. Bxg7 Rxd2 28. Rxd2 Kxg7 $17 {[%mdl 4096] Endgame KRB-KRN} 29. Rd4 Rc8 30. Ne4 (30. Nd5 $17) 30... Bxa2 $19 31. Rxb4 Rc4 32. Rxc4 Bxc4 {KB-KN} 33. Kh2 Kg6 ({Black should play} 33... Be6 $19 34. f3 Kg6) 34. Nd6 (34. Kh3 $17 {is a better defense.}) 34... Be6 35. Nb5 a6 36. Nd4 Bc8 37. b4 (37. g3 $17 {might work better.}) 37... Kf6 38. f4 {[#]} Bd7 $1 39. Kg1 $2 (39. Nb3) 39... Ke7 {Black is clearly winning.} 40. Kf2 Kd6 41. Ke3 Kd5 42. Nb3 (42. Nf3 $142 h3 43. gxh3) 42... Kc4 43. Nc5 Bc8 44. Nd3 f6 {Accuracy: White = 42%, Black = 88%.} 0-1

[Event "VII Famalicao Open 2019"]
[Site "Famalicao"]
[Date "2019.08.01"]
[Round "7.2"]
[White "Santos, Jose Guilherme B Lim"]
[Black "Vassallo Barroche, Mauricio"]
[Result "0-1"]
[WhiteElo "2155"]
[BlackElo "2380"]
[Annotator "TA"]
[PlyCount "78"]
[EventDate "2019.07.28"]
[EventType "swiss"]
[EventCountry "POR"]
[SourceTitle "playchess.com"]
[Source "ChessBase"]
[SourceQuality "1"]

{[%evp 9,80,32,37,26,28,10,28,16,43,31,68,20,24,19,30,-2,17,20,27,22,60,14,47,-30,-22,-39,-41,-105,-104,-112,-104,-102,-102,-112,-112,-171,-182,-162,-152,-264,-262,-242,-251,-284,-287,-293,-275,-279,-194,-359,-324,-328,-322,-310,-198,-300,-312,-466,-198,-464,-460,-529,-531,-531,-468,-693,-663,-693,-664,-630,-627,-562,-510]} 1. e4 g6 2. d4 Bg7 3. Nc3 d6 4. Nf3 a6 5. a4 Nf6 6. a5 {B06: Modern Defence} (6. Be2 O-O 7. O-O Nc6 8. h3 e5 9. d5 Ne7 10. a5 Nh5 11. Re1 h6 12. Bf1 Nf4 13. Ra3 g5 14. Ne2 Neg6 15. Ng3 Ne7 16. c4 f5 {1-0 (54) Matlakov,M (2694)-Mamedov,R (2688) Tallinn 2016}) 6... O-O 7. Be2 Nc6 8. d5 {White has an edge.} Nb8 9. O-O e5 10. dxe6 Bxe6 11. Nd4 Bd7 12. Bc4 $146 ({Predecessor:} 12. f4 Nc6 13. Be3 Nxe4 14. Nxe4 {0-1 (25) Velicka,P (2477)-Szablowski,P (2404) Frydek Mistek 2011}) 12... Re8 13. f3 Nc6 14. Be3 Nb4 {White should prevent ...d5!} 15. Bg5 Qb8 16. Na2 (16. Qd2 $14) 16... Nc6 $11 17. Nxc6 bxc6 18. Rb1 {[#]} (18. Qc1 $15) 18... Qa7+ $1 $17 19. Kh1 Qc5 $1 {[%csl LRa5,LRc4,LRg5][%mdl 64] Double Attack} 20. Bxf6 Bxf6 21. Qd3 Qxa5 22. f4 {[#]} (22. Nc3 $17) 22... d5 $1 $36 {[%mdl 2560] Black is on the roll.} 23. exd5 Bf5 24. Qa3 (24. Qd1 $17) 24... Qxa3 25. bxa3 cxd5 ({Resist} 25... Bxc2 26. Rbc1) 26. Bxd5 {[#]} Rad8 $1 {[%cal Rd8d5]} ({Worse is} 26... Bxc2 27. Rbc1 $15) 27. Bf3 {White hopes to continue with Nb4.} Bxc2 28. Rbc1 Be4 29. Rfe1 $2 (29. Bxe4 {might work better.} Rxe4 30. Nc3) 29... Bxf3 30. Rxe8+ Rxe8 31. gxf3 {[%mdl 4096] Endgame KRB-KRN} Be7 32. Rxc7 (32. Nb4 $142) 32... Bxa3 {White must now prevent ...Re1+.} 33. Nc3 (33. Rc2 $142) 33... Re1+ 34. Kg2 Rc1 {Black is clearly winning.} 35. Nd5 Rxc7 36. Nxc7 a5 37. Kf2 (37. Nd5 $142 Bd6 38. Kf2) 37... f5 38. Ke3 Kf7 39. Kd4 a4 {Played: Ba3-d6} 0-1

[Event "VII Famalicao Open 2019"]
[Site "Famalicao"]
[Date "2019.08.01"]
[Round "7.3"]
[White "Fidalgo, Andre Neves"]
[Black "Tadevosyan, Aspet"]
[Result "1/2-1/2"]
[WhiteElo "2262"]
[BlackElo "2144"]
[Annotator "TA"]
[PlyCount "61"]
[EventDate "2019.07.28"]
[EventType "swiss"]
[EventCountry "POR"]
[SourceTitle "playchess.com"]
[Source "ChessBase"]
[SourceQuality "1"]

{[%evp 13,61,0,8,0,0,-38,-23,-11,10,7,30,36,33,22,21,6,25,26,154,17,28,25,19,23,13,14,229,237,213,229,225,221,156,11,11,9,8,3,6,6,3,0,1,0,8,0,8,0,7,0]} 1. d4 Nf6 2. Nf3 d5 3. c4 e6 4. g3 dxc4 5. Bg2 Nc6 6. O-O Rb8 7. e3 b5 8. Qe2 {E04: Open Catalan: 5 Nf3} Be7 9. b3 O-O (9... cxb3 10. axb3 O-O 11. Bd2 Bb7 12. Rc1 a6 13. Ne1 Nd5 14. Nd3 Qd7 15. Nc3 {1-0 (24) So,W (2780)-Wei,Y (2729) chess.com INT 2018}) 10. Rd1 {Black has an edge.} Na5 11. Ne5 $146 {[%cal Rb3c4]} ({Predecessor:} 11. Qe1 b4 12. bxc4 Nxc4 13. Qe2 Na5 14. Bb2 Qd6 15. e4 Qa6 {0-1 (58) Nasshan,D (2259)-Sulskis,S (2546) Germany 2016}) 11... c5 ({But not} 11... cxb3 $6 12. axb3 Nxb3 13. Nc6 $16) 12. bxc4 bxc4 13. Bd2 Bd7 14. dxc5 {Black must now prevent Bc3.} Ba4 15. Rc1 Bb5 {[#]} (15... Qc7 $11 {keeps the balance.} 16. Bc3 a6) 16. a4 ({White must play} 16. Qe1 $1 $16 Nb7 17. c6) 16... Be8 $1 $11 17. Bxa5 Qxa5 18. Qxc4 Rc8 $1 {[%cal Rc8c5]} 19. Nd3 {White wants to play Nc3.} Bxc5 $2 (19... Nd7 $1 $11 {and Black has nothing to worry.}) 20. Nxc5 $18 ({Weaker is} 20. Bb7 Rc7 $11) 20... Nd7 {[%cal Rc8c5] [#]} 21. Qb5 $1 {[%cal Rb5a5]} Qxb5 22. axb5 Nxc5 23. Rxa7 (23. Ra3 $16) 23... Bxb5 $11 {The position is equal.} 24. Ra5 Bd3 $1 {Hoping for ...Nb3.} 25. Raxc5 Rxc5 26. Rxc5 {Strongly threatening Nd2.} Bxb1 {KRB-KRB} 27. Rc1 Bg6 28. Bf3 Bf5 29. Rc3 Bg6 30. Rc1 Bf5 31. Rc3 {Accuracy: White = 35%, Black = 45%.} 1/2-1/2

[Event "VII Famalicao Open 2019"]
[Site "Famalicao"]
[Date "2019.08.01"]
[Round "7.4"]
[White "Martinez Duany, Lelys Stanley"]
[Black "Galego, Luis"]
[Result "1/2-1/2"]
[WhiteElo "2535"]
[BlackElo "2513"]
[Annotator "TA"]
[PlyCount "46"]
[EventDate "2019.07.28"]
[EventType "swiss"]
[EventCountry "POR"]
[SourceTitle "playchess.com"]
[Source "ChessBase"]
[SourceQuality "1"]

{[%evp 9,46,1,10,-5,-24,-18,0,0,0,0,0,-64,-75,-89,-75,-90,-81,-115,-3,-6,-6,-6,-6,-8,-4,-12,-2,-7,4,-26,-25,-20,-19,-22,0,-27,0,-22,0]} 1. e4 d5 2. exd5 Qxd5 3. Nc3 Qd6 4. Bc4 Nf6 5. d3 (5. d4 a6 6. h3 b5 7. Bb3 Bb7 8. Nf3 c5 9. dxc5 Qxd1+ 10. Nxd1 e6 11. Be3 Nbd7 12. c6 Bxc6 13. O-O Be7 {½-½ (60) Savic,M (2628)-Milanovic,D (2547) Belgrade 2016}) 5... a6 6. a4 {B01: Scandinavian Defence} Nc6 7. Nge2 Bg4 8. f3 Bf5 9. Ng3 $146 ({Predecessor:} 9. Be3 e6 10. Qd2 Nd5 11. Bf2 Be7 12. Ne4 {0-1 (34) Smith,G (2157)-Ledger,S (2203) Scarborough 2004}) 9... Bg6 10. f4 ({White should try} 10. Nge4 $11 Nxe4 11. Nxe4 Bxe4 12. fxe4) 10... e6 $15 11. Be3 h5 12. Qe2 O-O-O 13. Nge4 Bxe4 ({Black should play} 13... Qb4 $17 {...Nxe4 is the strong threat.} 14. O-O Bxe4 15. Nxe4 Nxe4 16. dxe4 Nd4 17. Bxd4 Rxd4) 14. Nxe4 $11 Nxe4 15. dxe4 Nd4 16. Bxd4 $1 Qxd4 17. c3 Qa7 18. Rf1 a5 19. Rf3 Qg1+ 20. Qf1 Qb6 21. Qe2 Qg1+ 22. Qf1 Qb6 23. Qe2 Qg1+ {Accuracy: White = 59%, Black = 51%.} 1/2-1/2

[Event "VII Famalicao Open 2019"]
[Site "Famalicao"]
[Date "2019.08.01"]
[Round "7.5"]
[White "Spraggett, Kevin"]
[Black "Pintor, Simao"]
[Result "1-0"]
[WhiteElo "2511"]
[BlackElo "2082"]
[Annotator "TA"]
[PlyCount "53"]
[EventDate "2019.07.28"]
[EventType "swiss"]
[EventCountry "POR"]
[SourceTitle "playchess.com"]
[Source "ChessBase"]
[SourceQuality "1"]

{[%evp 19,53,34,41,43,55,45,110,109,114,104,132,134,134,127,127,125,140,127,154,147,149,134,143,134,149,143,259,216,383,397,722,728,647,670,816,625]} 1. d4 d5 2. c4 e6 3. Nf3 c5 4. cxd5 exd5 5. Bg5 Be7 6. Bxe7 Nxe7 7. dxc5 Nbc6 8. e3 Qa5+ 9. Nc3 Qxc5 10. Be2 O-O 11. O-O {D32: Tarrasch Defence: Sidelines and lines without g3} Bg4 12. Rc1 Bxf3 $146 ({Better is} 12... Qb4 $14) ({Predecessor:} 12... Rad8 13. Qb3 Qd6 14. Rfd1 Qg6 15. Qxb7 Rb8 16. Qa6 Rxb2 17. Nxd5 Nxd5 18. Rxc6 Qe4 19. Rc4 Qe6 20. Rxg4 Nc3 21. Qxe6 fxe6 22. Kf1 Nxe2 23. Rc4 e5 24. Rd2 {1-0 (24) Le Roux,J (2576)-Koch,J (2473) Haguenau 2013}) 13. Bxf3 $16 {White is better.} d4 14. Nd5 $1 Qa5 15. Nxe7+ ({Reject} 15. exd4 $6 Nxd5 16. Rc5 Qxa2 $11) 15... Nxe7 16. Qxd4 Qxa2 17. Bxb7 Rad8 18. Qb4 Nd5 19. Qb5 {[#] Threatens to win with Ra1.} Nb6 20. b3 Qd2 21. g3 Rd3 22. Be4 Rxe3 (22... Rd7 $16 23. Rc2 Qd6) 23. Rfd1 ({Don't do} 23. fxe3 $6 Qxe3+ 24. Kg2 Qxe4+ 25. Rf3 Rd8 $16) 23... Qe2 $2 {[#]} (23... Qxd1+ {is a better defense.} 24. Rxd1 Rxe4) 24. Bd3 $18 Qf3 $2 (24... Rxd3 25. Qxd3 Qe8) 25. fxe3 {White is clearly winning.} Qxe3+ 26. Kg2 Re8 27. Qf5 {Accuracy: White = 82%, Black = 34%.} 1-0

[Event "VII Famalicao Open 2019"]
[Site "Famalicao"]
[Date "2019.08.01"]
[Round "7.6"]
[White "Damaso, Rui"]
[Black "Campora, Daniel H."]
[Result "1/2-1/2"]
[WhiteElo "2425"]
[BlackElo "2420"]
[Annotator "TA"]
[PlyCount "63"]
[EventDate "2019.07.28"]
[EventType "swiss"]
[EventCountry "POR"]
[SourceTitle "playchess.com"]
[Source "ChessBase"]
[SourceQuality "1"]

{[%evp 10,63,-24,-33,-32,-33,-36,-47,-36,-39,-35,-27,-25,-34,-25,-27,-21,-91,-18,-25,-16,-97,-100,-130,-41,-35,-39,-32,0,0,0,0,0,0,6,-46,0,-26,26,34,51,12,32,0,0,0,21,0,9,3,17,0,0,0,16,-14]} 1. d4 Nf6 2. Nf3 d5 3. c4 c6 4. Nc3 dxc4 5. e4 b5 {[%cal Bb7b5,Bb5b4][%mdl 32]} 6. a4 b4 {D15: Slav Defence: 4 Nc3 a6 and gambit lines after 4 Nc3 dxc4} 7. Na2 Nxe4 8. Bxc4 e6 {Black is slightly better.} 9. O-O Be7 10. Re1 (10. Bf4 a5 11. Re1 Nf6 12. Nc1 Nbd7 13. Nd3 O-O 14. Rc1 {½-½ (48) Okhotnik,V (2411)-Shvedchikov,A (2391) Plovdiv 2013}) 10... Nf6 11. Bg5 O-O 12. Ne5 a5 13. Qf3 $146 (13. Nc1 $11) ({Predecessor:} 13. Nc1 h6 14. Bh4 {1-0 (27) Rendon,R (1638)-Cruz,B (2036) Manizales 2008}) 13... Ra7 (13... Qxd4 $17 {White must now prevent ...h6.} 14. Rad1 Qb6) 14. Rad1 $11 Nd5 15. Bc1 (15. Bxe7 $11 Rxe7 16. Nc1) 15... Rc7 16. Qg3 f6 (16... Bd6 $17 {aiming for ...f6.} 17. Qh3 c5 18. dxc5 Bxc5) 17. Nd3 $1 $15 ({Of course not} 17. Bxd5 cxd5 18. Nf3 Na6 $17) 17... Bd6 18. Bf4 $1 {[%cal Rf4d6]} Bxf4 19. Nxf4 Re7 20. Nc1 {[%cal Ba2c1,Bc1b3,Bb3c5][%mdl 32]} Rfe8 21. Nb3 Nd7 22. Nh5 ({White should play} 22. Rc1 $11) 22... Rf7 (22... g6 $5 {[%cal Re6e5]} 23. Re2 N7b6 $17) 23. h4 Bb7 ({Better is} 23... e5) 24. Nf4 $11 Nf8 25. Nc5 {[%cal Rf4e6][%mdl 1024] White has compensation.} Bc8 26. Ncd3 Rfe7 {The position is equal.} 27. h5 Kh8 28. Bb3 Ba6 29. Nc5 Bc8 30. Ncd3 Ba6 31. Nc5 Bc8 32. Ncd3 {Accuracy: White = 42%, Black = 51%.} 1/2-1/2

[Event "VII Famalicao Open 2019"]
[Site "Famalicao"]
[Date "2019.08.01"]
[Round "7.7"]
[White "Cori T., Deysi"]
[Black "Novais, Carlos"]
[Result "1-0"]
[WhiteElo "2405"]
[BlackElo "2077"]
[Annotator "TA"]
[PlyCount "95"]
[EventDate "2019.07.28"]
[EventType "swiss"]
[EventCountry "POR"]
[SourceTitle "playchess.com"]
[Source "ChessBase"]
[SourceQuality "1"]

{[%evp 16,95,25,15,28,26,25,24,29,25,38,21,27,2,54,51,33,16,58,63,56,65,83,84,68,33,45,42,38,38,35,39,68,47,48,39,79,54,82,86,87,101,123,128,125,119,198,200,204,187,182,193,266,259,250,259,240,152,258,152,475,142,139,146,136,118,118,118,118,118,104,110,110,110,146,132,169,169,169,169,29998,29999]} 1. d4 d5 2. Nf3 Nf6 3. c4 c6 4. Nc3 dxc4 5. a4 e6 6. e3 c5 7. Bxc4 Nc6 8. O-O cxd4 9. exd4 Be7 {D16: Slav Defence: 5 a4: Lines with 5...Bg4 and 5...Na6} 10. d5 (10. Bg5 O-O 11. Qd2 b6 12. d5 Na5 13. Ba2 Nxd5 14. Nxd5 exd5 15. Bxe7 Qxe7 16. b4 Nc4 17. Qxd5 {0-1 (79) Navara,D (2740)-Grandelius,N (2655) Porto Carras 2018}) 10... exd5 11. Nxd5 Nxd5 {White has an edge.} 12. Bxd5 Nb4 13. Bb3 ({Avoid the trap} 13. Bxf7+ $2 Kxf7 14. Bd2 (14. Ne5+ $2 Kg8 $19) 14... Qd5 $19) 13... O-O 14. Ne5 $146 ({Predecessor:} 14. Be3 Bf5 15. Qd4 Nc2 16. Bxc2 Bxc2 17. Qg4 {0-1 (46) Strobel,H (2241)-Saltaev,M (2500) Hamburg 2008}) 14... Nc6 ({Black should try} 14... Qxd1 $11 15. Rxd1 Be6 16. Bxe6 fxe6) 15. Nxc6 $14 bxc6 16. Qf3 Bd7 17. Be3 Bf6 18. h3 Qc8 19. Rac1 Qb7 20. Bf4 Rfe8 21. Rfd1 Be6 22. Bxe6 Rxe6 23. b3 Rae8 24. g3 h6 25. Kg2 Bg5 26. Rc4 Rf6 27. Rd6 Rxd6 28. Bxd6 Re6 {[#]} 29. Rb4 $1 {[%cal Rb4b7]} ({Not} 29. Rxc6 Be7 $17) ({Reject} 29. Qxc6 $6 Qxc6+ 30. Rxc6 Kh7 $11) 29... Qd7 30. Rb8+ Re8 (30... Bd8 $16 {might work better.} 31. Bc5 Re8) 31. Qg4 $18 f5 32. Rxe8+ {[%mdl 64] Overworked Piece} Qxe8 33. Qxf5 Qf7 (33... Bd8 $142 34. Kf1 Bf6) 34. Qc8+ Kh7 {And now ...Qd5+ would win.} 35. Qxc6 Qxb3 36. Be5 {aiming for Qd7!} Qf7 (36... Qb1 $16 37. Bd4 a5) 37. a5 {Strongly threatening a6.} Bd8 $2 (37... a6 $16 {is a better chance.} 38. Bc7 Qe7 39. Qc2+ Kh8) 38. a6 $2 (38. Qe4+ $18 {and the rest is easy.} Qg6 39. Qd5) 38... Bb6 $16 39. Qe4+ Kg8 40. Qf3 Qa2 41. Bc3 Qc2 42. Be1 Qa2 43. Qd3 Kh8 44. g4 Qe6 45. Bc3 Qc6+ 46. Qf3 Qc5 47. Bb2 {Qf7 is the strong threat.} Qc2 $2 {[#]} (47... Qb4 $18) 48. Qf8+ {[%mdl 64] Double Attack. Accuracy: White = 70%, Black = 41%.} 1-0